<?xml version="1.0" encoding="UTF-8"?><?xml-stylesheet type="text/xsl" href="static/style.xsl"?><OAI-PMH xmlns="http://www.openarchives.org/OAI/2.0/" xmlns:xsi="http://www.w3.org/2001/XMLSchema-instance" xsi:schemaLocation="http://www.openarchives.org/OAI/2.0/ http://www.openarchives.org/OAI/2.0/OAI-PMH.xsd"><responseDate>2026-04-17T04:23:52Z</responseDate><request verb="GetRecord" identifier="oai:www.recercat.cat:10256/19592" metadataPrefix="marc">https://recercat.cat/oai/request</request><GetRecord><record><header><identifier>oai:recercat.cat:10256/19592</identifier><datestamp>2024-06-18T11:51:14Z</datestamp><setSpec>com_2072_452955</setSpec><setSpec>com_2072_2054</setSpec><setSpec>col_2072_453063</setSpec></header><metadata><record xmlns="http://www.loc.gov/MARC21/slim" xmlns:dcterms="http://purl.org/dc/terms/" xmlns:xsi="http://www.w3.org/2001/XMLSchema-instance" xmlns:doc="http://www.lyncode.com/xoai" xsi:schemaLocation="http://www.loc.gov/MARC21/slim http://www.loc.gov/standards/marcxml/schema/MARC21slim.xsd">
   <leader>00925njm 22002777a 4500</leader>
   <datafield ind2=" " ind1=" " tag="042">
      <subfield code="a">dc</subfield>
   </datafield>
   <datafield ind2=" " ind1=" " tag="720">
      <subfield code="a">Dadda, Karima</subfield>
      <subfield code="e">author</subfield>
   </datafield>
   <datafield ind2=" " ind1=" " tag="720">
      <subfield code="a">Alleg, Safia</subfield>
      <subfield code="e">author</subfield>
   </datafield>
   <datafield ind2=" " ind1=" " tag="720">
      <subfield code="a">Saurina Canals, Joan</subfield>
      <subfield code="e">author</subfield>
   </datafield>
   <datafield ind2=" " ind1=" " tag="720">
      <subfield code="a">Escoda i Acero, Ma. Lluïsa</subfield>
      <subfield code="e">author</subfield>
   </datafield>
   <datafield ind2=" " ind1=" " tag="720">
      <subfield code="a">Suñol Martínez, Joan Josep</subfield>
      <subfield code="e">author</subfield>
   </datafield>
   <datafield ind2=" " ind1=" " tag="260">
      <subfield code="c">2021-05-07</subfield>
   </datafield>
   <datafield ind2=" " ind1=" " tag="520">
      <subfield code="a">Structural, microstructural, and magnetic properties of Heusler Ni50Mn50−xInx (x = 5 and 10) ribbons have been investigated by X-ray diffraction (XRD), scanning electron microscopy (SEM) coupled with energy dispersive X-ray spectroscopy (EDS), differential scanning calorimetry (DSC), and vibrating sample magnetometry (VSM). The as quenched Ni50Mn45In5 ribbons exhibit a mixture of monoclinic 14M (a = 4.329(3) Å, b = 5.530(3) Å, and c = 28.916(3) Å), and tetragonal L10 (a = b = 3.533(3) Å, and c = 7.522(3) Å) martensite structures, while Ni50Mn40In10 ribbons display a single monoclinic 14M phase (a = 4.262(3) Å, b = 5.692(3) Å, and c = 29.276(3) Å). After three heating/cooling cycles, in the temperature range of 303–873 K, the Rietveld refinement of the XRD patterns revealed the presence of a single 14M martensite for Ni50Mn45In5 ribbons, and a mixture of cubic L21 (31%) and 14M (69%) phases for Ni50Mn40In10 ribbons. The characteristic temperatures of the martensitic transition (Astart, Afinish, Mstart, and Mfinish), the thermal hysteresis temperature width, and the equilibrium temperature decreased with increasing indium content and heating cycles. The samples show a paramagnetic like behavior in the as quenched state, and a ferromagnetic like behavior after the third heating/cooling cycle</subfield>
   </datafield>
   <datafield ind2=" " ind1=" " tag="520">
      <subfield code="a">The authors gratefully acknowledge the support from DGRSDT/MESRS Algeria, Spanish MINECO project MAT2016-75967-P, UdG project PONTOS 2020/01, and the Erasmus+k107 STA program</subfield>
   </datafield>
   <datafield ind1="8" ind2=" " tag="024">
      <subfield code="a">http://hdl.handle.net/10256/19592</subfield>
   </datafield>
   <datafield tag="653" ind2=" " ind1=" ">
      <subfield code="a">Microestructura</subfield>
   </datafield>
   <datafield tag="653" ind2=" " ind1=" ">
      <subfield code="a">Microstructure</subfield>
   </datafield>
   <datafield tag="653" ind2=" " ind1=" ">
      <subfield code="a">Metalls de transició -- Aliatges</subfield>
   </datafield>
   <datafield tag="653" ind2=" " ind1=" ">
      <subfield code="a">Transition metals -- Alloys</subfield>
   </datafield>
   <datafield tag="653" ind2=" " ind1=" ">
      <subfield code="a">Manganès -- Propietats magnètiques</subfield>
   </datafield>
   <datafield tag="653" ind2=" " ind1=" ">
      <subfield code="a">Manganese -- Magnetic properties</subfield>
   </datafield>
   <datafield tag="653" ind2=" " ind1=" ">
      <subfield code="a">Níquel -- Propietats magnètiques</subfield>
   </datafield>
   <datafield tag="653" ind2=" " ind1=" ">
      <subfield code="a">Nickel -- Magnetic properties</subfield>
   </datafield>
   <datafield tag="653" ind2=" " ind1=" ">
      <subfield code="a">Anàlisi tèrmica</subfield>
   </datafield>
   <datafield tag="653" ind2=" " ind1=" ">
      <subfield code="a">Thermal analysis</subfield>
   </datafield>
   <datafield tag="653" ind2=" " ind1=" ">
      <subfield code="a">Magnetoquímica</subfield>
   </datafield>
   <datafield tag="653" ind2=" " ind1=" ">
      <subfield code="a">Magnetochemistry</subfield>
   </datafield>
   <datafield ind2="0" ind1="0" tag="245">
      <subfield code="a">Structure, Microstructure, and Magnetic Properties of Melt Spun Ni50Mn50−xInx Ribbons</subfield>
   </datafield>
</record></metadata></record></GetRecord></OAI-PMH>